|
|
|
|
| LEADER |
02508nam a2200349 a 4500 |
| 001 |
13395660 |
| 003 |
BD-DhAAL |
| 005 |
20250713144259.0 |
| 008 |
091115s2004 ii a b 001 0 eng d |
| 010 |
|
|
|a \\2003024363
|
| 020 |
|
|
|a 0761998462 (US-HB)
|
| 020 |
|
|
|a 0761998470 (US-PB)
|
| 020 |
|
|
|a 8178293633 (India-HB)
|
| 020 |
|
|
|a 8178293641 (India-PB)
|
| 040 |
|
|
|a DLC
|c DLC
|d DLC
|d BD-DhAAL
|
| 082 |
0 |
0 |
|a 658.3/125
|2 22
|
| 100 |
1 |
|
|a Venkateswara Rao, T.
|
| 245 |
1 |
0 |
|a Performance management and appraisal systems :
|b HR tools for global competitiveness /
|c T.V. Rao.
|
| 260 |
|
|
|a New Delhi ;
|a Thousand Oaks :
|b Response Books, a division of Sage Publications,
|c 2004.
|
| 300 |
|
|
|a xix, 330 pages :
|b illustrations ;
|c 22 cm.
|
| 504 |
|
|
|a Includes bibliographical references (p. [313]-317) and index.
|
| 505 |
0 |
|
|a Introduction to performance management -- Planning performance for role clarity, accountability and effectiveness -- Increasing self awareness and understanding : self appraisal -- Performance analysis -- Improving quality of performance ratings -- Performance review discussion -- Using performance management systems data for HR decisions and performance improvements -- Performance management systems and appraisal practices in India : the 1990s scenario -- Performance management systems and appraisal practices in some Asian countries -- Making Performance management systems and appraisals work -- Monitoring performance planning analysis and development systems -- Focusing on team performance for better results -- Rating-less appraisals for the future of performance management systems -- Performance management : from systems to spiritual approach -- Implementing performance management systems -- Performance management systems in select organizations -- 360 degree or multirater assessment and feedback systems -- Potential appraisal.
|
| 526 |
|
|
|x Requisitioned by Faculties of BBS
Course name and no : N/A
|
| 541 |
1 |
|
|a Karim International
|e 00019584
|
| 650 |
|
0 |
|a Personnel management.
|
| 650 |
|
0 |
|a Performance
|x Management.
|9 58729
|
| 650 |
|
0 |
|a Employees
|x Rating of.
|
| 650 |
|
0 |
|a Management.
|
| 852 |
4 |
|
|a Ayesha Abed Library
|j General shelf
|
| 942 |
|
|
|2 ddc
|c BK
|
| 999 |
|
|
|c 5512
|d 5512
|
| 952 |
|
|
|0 0
|1 0
|2 ddc
|4 0
|6 658_312500000000000_VEN
|7 0
|9 5386
|a BRACUL
|b BRACUL
|c GEN
|d 2009-11-15
|e Karim International
|g 456.00
|l 6
|m 47
|o 658.3125 VEN
|p 3010019584
|q 2026-09-09
|r 2024-08-20
|s 2024-08-20
|t 1
|w 2009-11-15
|y BK
|x Requisitioned by Faculties of BBS. Course name and no. "not available".
|